World Capitals Closest to Baku - One Minute Sprint - Statistics

General Stats
  • This quiz has been taken 52 times
  • The average score is 13 of 20
Answer Stats
km capital miles % Correct
542 Tehran 337
96%
1445 Ankara 898
91%
457 Yerevan 284
89%
929 Baghdad 577
83%
1430 Damascus 889
83%
447 Tbilisi 278
83%
1562 Amman 971
79%
1240 Kuwait City 771
79%
1465 Beirut 910
74%
1628 Jerusalem 1012
74%
1742 Riyadh 1082
68%
779 Ashgabat 484
60%
1630 Tashkent 1013
57%
1691 Doha 1051
55%
1824 Kabul 1133
53%
1562 Nicosia 970
51%
1635 Dushanbe 1016
47%
1850 Abu Dhabi 1149
45%
1580 Manama 982
40%
1836 Chișinău 1141
15%
No matching quizzes found
Score Distribution
Percent of People with Each Score
Percentile by Number Answered
Your Score History
You have not taken this quiz